• 首页
  • 本馆介绍
  • 公告通知
  • 最新文献
  • 馆藏检索
  • 电子资源
  • 读者导购
  • 参考咨询
  • 我的图书馆
  • 登录
  • 详细信息显示
  • 放入我的书架
  • 预约/预借图书
  • 作者相关作品
  • 分类相关作品
  • 丛书相关作品
  • 出版社相关作品

书目信息

  • 表格格式
  • 工作单格式
  • 卡片格式
题名:
执法环境建设转变政府职能与法制论丛
    
 
作者: ;国务院经济体制改革办公室论丛编译组 编
分册:  
出版信息: 北京   中国对外经济贸易出版社  2002
页数: 632页
开本: 20cm
丛书名:
单 册:
中图分类: D922.114
科图分类:
主题词: 经济体制改革 , 行政执法 , 经济体制改革--研究--中国 , 行政执法--研究--中国
电子资源:
ISBN: 7-80004-941-8
000 01577nam0 2200361 450
000 01542nam0 2200349 450
000 01505nam0 2200337 450
000 01463nam0 2200361 450
000 01426nam0 2200349 450
000 01359nam0 2200325 450
001 0104000022
005 20061023154443.21
010    @a7-80004-941-8@dCNY30.00
100    @a20050927d2002 em y0chiy0110 ea
101 0  @achi@aeng
102    @aCN@b110000
105    @aa z 000yy
200 1  @a执法环境建设转变政府职能与法制论丛@Azhi fa huan jing jian she zhuan bian zheng fu zhi neng yu fa zhi lun cong@f国务院经济体制改革办公室《论丛》编译组编@Fguo wu yuan jing ji ti zhi gai ge ban gong shi《lun cong》bian yi zu bian
210    @a北京@c中国对外经济贸易出版社@d2002
215    @a632页@c照片@d20cm
300    @a中国世界银行法律技援项目
330    @a本书收录了世界各国专家就“中国执法监督环境建设”、“适应中国市场经济发展、转变政府职能”等问题的发言。
510 1  @aPapers on the Construction of the Enforcement and Supervision Environment of Laws and Legislation for Changing the Role of Government in Chinese Socialist Market Economy@zeng
606 0  @a经济体制改革
606 0  @a行政执法
606 0  @a经济体制改革@x研究@y中国
606 0  @a行政执法@x研究@y中国
690    @aD922.114@v4
711 02 @a国务院经济体制改革办公室论丛编译组@9guo wu yuan jing ji ti zhi gai ge ban gong shi lun cong bian yi zu@4编
801  0 @aCN@b北京荣雅伟业图书经销中心@c20061023
905    @aBZT@dD922.114@e1
906    @dCNY30.00@n0@r1
    
    执法环境建设转变政府职能与法制论丛/国务院经济体制改革办公室《论丛》编译组编.-北京:中国对外经济贸易出版社,2002
    632页:照片;20cm
    中国世界银行法律技援项目
    
    ISBN 7-80004-941-8:CNY30.00
    本书收录了世界各国专家就“中国执法监督环境建设”、“适应中国市场经济发展、转变政府职能”等问题的发言。
●
相关链接 在五车中查询图书 在当当中查询图书 在豆瓣中查询图书


正题名:执法环境建设转变政府职能与法制论丛     索取号:D922.114/1         预约/预借

序号 登录号 条形码 馆藏地/架位号 状态 备注
1 507486   230067906   中心书库南/012架B面6层7列/ [索取号:D922.114/1] 在馆    
2 507487   230067907   中心书库南/012架B面6层7列/ [索取号:D922.114/1] 在馆    
3 507488   230067908   中心书库南/012架B面6层7列/ [索取号:D922.114/1] 在馆    
4 507489   230067914   中心书库南/012架B面6层7列/ [索取号:D922.114/1] 在馆    
5 507490   230067915   中心书库南/012架B面6层7列/ [索取号:D922.114/1] 在馆    
山东省滨州职业学院图书馆 欢迎您!
大连网信软件有限公司© 版权所有